Diccionario del Estudiante

Gespeichert in:
Bibliographische Detailangaben
Körperschaft: Real Academia Española (VerfasserIn)
Format: Buch
Sprache:Spanisch
Veröffentlicht: Madrid Santillana 2005
Ausgabe:1a. ed
Schlagworte:
Tags: Tag hinzufügen
Keine Tags, Fügen Sie den ersten Tag hinzu!

MARC

LEADER 00000nam a2200000 a 4500
001 UCJ3031
003 CL-VaPUC
008 070119e20050000sp |||||||||||||||||spa|d
020 |a 842940547X 
082 0 4 |a 463  |b REA  |2 21 
110 2 |a Real Academia Española  |e author  |9 504146 
245 1 0 |a Diccionario del Estudiante 
250 |a 1a. ed 
300 |a 1537 p 
942 |c BK 
945 |d 20070119 00:00:00  |a lvergara 
260 |a Madrid  |b Santillana  |c 2005 
500 |a Donación de la Dra. Marianne Peronard Thierry 
650 0 |a Diccionarios  |9 256200 
650 0 |a Idioma español  |9 309143 
583 |a last modification  |c 20171212 06:07:27  |k Rodrigo Vera 
999 |c 319155  |d 319153 
952 |0 0  |1 0  |4 0  |6 463_000000000000000_REA_2005  |7 0  |8 A  |9 397400  |a FDOPOS  |b FDOPOS  |d 2019-11-22  |i 4311914  |o 463 REA 2005  |p 4311914  |r 2025-01-22  |w 2019-11-22  |y BK  |k MLA